La Llavor dels somnis ; Antònia Adroher, Carmel Rosa
ISBN:
84-95483-08-4
Descripción Física:
302 p. : il. ; 21 cm
Colección:
Llibres dels quatre cantons ; 4
Otros Autores:
Rosa-Roc, Carmel
MARC
| LEADER | 00000nam a2200000Ia 4500 | ||
|---|---|---|---|
| 001 | 17023 | ||
| 008 | 160829s2001 xx 000 0 cat d | ||
| 020 | |a 84-95483-08-4 | ||
| 080 | |a L-2-58 | ||
| 100 | 1 | |a Adroher, Antònia, |d 1913-2007 |9 31598 | |
| 245 | |a La Llavor dels somnis ; Antònia Adroher, Carmel Rosa | ||
| 260 | |a Girona : |b CCG, |c 2001 | ||
| 300 | |a 302 p. : |b il. ; |c 21 cm | ||
| 490 | |a Llibres dels quatre cantons ; 4 | ||
| 600 | 0 | |a Rosa-Roc, Carmel |9 31602 | |
| 600 | 1 | 0 | |a Adroher, Antònia, |d 1913-2007 |9 31598 |
| 650 | |a Exiliats catalans |x França |x 1939-1975 |x Biografia I |9 31601 | ||
| 650 | |a Socialistes |x Catalunya |x Biografia |9 23552 | ||
| 700 | |a Rosa-Roc, Carmel |9 31602 | ||
| 901 | |a Arxiu | ||
| 942 | |n 1 | ||
| 952 | |0 0 |1 0 |4 0 |6 L258 |7 1 |9 45689 |a Arxiu |b Arxiu |d 2016-12-01 |l 0 |o L-2-58 |p 17023 |r 2016-12-01 00:00:00 |w 2016-12-01 |y ARXIU | ||
| 999 | |c 49189 |d 49189 | ||